| 000 | 00373 a2200157 4500 | ||
|---|---|---|---|
| 001 | 81505 | ||
| 082 | _a658.8 ETZ | ||
| 090 |
_c39748 _d39748 |
||
| 100 | _aEtzel; Walker; Stanton | ||
| 245 | _aFundamentals of Marketing 4th/Ed | ||
| 250 | _a4 th | ||
| 260 |
_aBeijing _cMcGraw-Hill _b2001 |
||
| 300 | _a697p | ||
| 500 | _aDOS BS Reference Books | ||
| 505 | _aAHQ Books | ||
| 942 |
_aCAE NUST _k658.8 ETZ |
||
| 999 |
_c316578 _d316578 |
||